Applied Discrete structures (Record no. 241146)

MARC details
000 -LEADER
fixed length control field 00758nam a22002417a 4500
005 - DATE AND TIME OF LATEST TRANSACTION
control field 20260407094129.0
008 - FIXED-LENGTH DATA ELEMENTS--GENERAL INFORMATION
fixed length control field 260407b |||||||| |||| 00| 0 eng d
020 ## - INTERNATIONAL STANDARD BOOK NUMBER
Qualifying information 9789386827593
040 ## - CATALOGING SOURCE
Transcribing agency AL
041 ## - LANGUAGE CODE
Language code of text/sound track or separate title English
082 ## - DEWEY DECIMAL CLASSIFICATION NUMBER
Classification number 511.5
Item number PUNA
100 ## - MAIN ENTRY--PERSONAL NAME
Personal name Sudhir Kumar Pundir
100 ## - MAIN ENTRY--PERSONAL NAME
9 (RLIN) 260412
245 ## - TITLE STATEMENT
Title Applied Discrete structures
260 ## - PUBLICATION, DISTRIBUTION, ETC.
Place of publication, distribution, etc. New Delhi
Name of publisher, distributor, etc. CBS Publishers and Distributors Pvt Ltd
Date of publication, distribution, etc. 2019
300 ## - PHYSICAL DESCRIPTION
Extent xii,530p.
Other physical details PB
Dimensions 24x17cm.
365 ## - TRADE PRICE
Price type code VBI-2645
Price amount ₹412.50
Currency code
Unit of pricing ₹550.00
Price note 25%
Price effective from 20-02-2026
650 ## - SUBJECT ADDED ENTRY--TOPICAL TERM
Topical term or geographic name entry element Mathematical Foundations
9 (RLIN) 260385
650 ## - SUBJECT ADDED ENTRY--TOPICAL TERM
Topical term or geographic name entry element Algebraic Structures
9 (RLIN) 260386
650 ## - SUBJECT ADDED ENTRY--TOPICAL TERM
Topical term or geographic name entry element Combinatorics
9 (RLIN) 260387
650 ## - SUBJECT ADDED ENTRY--TOPICAL TERM
Topical term or geographic name entry element Graph Theory
9 (RLIN) 260388
650 ## - SUBJECT ADDED ENTRY--TOPICAL TERM
Topical term or geographic name entry element Recurrence and Discrete Models
9 (RLIN) 260389
942 ## - ADDED ENTRY ELEMENTS (KOHA)
Source of classification or shelving scheme Dewey Decimal Classification
Koha item type Book
Holdings
Withdrawn status Lost status Source of classification or shelving scheme Damaged status Not for loan Collection code Home library Current library Date acquired Source of acquisition Cost, normal purchase price Total Checkouts Full call number Barcode Date last seen Cost, replacement price Price effective from Koha item type
    Dewey Decimal Classification     Information Science and Engineering St Aloysius Engineering Library St Aloysius Engineering Library 03/06/2026 Vidyarthi Books 412.50   511.5 PUNA SE000298 04/07/2026 550.00 02/20/2026 Book